Viaje a italia. tomo 1 /

Guardado en:
Autor Principal: Goethe, Johan Wolfgang
Formato: Libro
Publicado: España : Hernando, 1891
Etiquetas: Agregar Etiqueta
Sin Etiquetas, Sea el primero en etiquetar este registro!
LEADER 00420nam a22001455a 4500
001 CEM.cems002948
005 19000101000000.0
008 130507s1891##################000#0#####d
003 CEMS
082 0 4 |a 838.6 
100 1 |a Goethe, Johan Wolfgang 
245 1 0 |a Viaje a italia. tomo 1 /  |c Johan Wolfgang Goethe 
260 |a España :  |b Hernando,  |c 1891 
300 |a 375 p.1 
859 |a CEMS  |b BIB. CEMS - 11 de abril  |h 838.6  |i G555/I  |p 5692.76  |t Ej.1